000 00466nam a2200217Ia 4500
001 087726
003 YMCAF
005 20230512161625.0
008 100717s2004 ||||||||||||||||| ||und|d
024 _a87726
035 _a27185
040 _aYMCAF
_beng
_cIN-KoLT
041 _aeng
082 _a621.382
_b2 SAL
100 _aVallavaraj, A
245 0 _aDigital signal processing
250 _a10th
260 _bTMH
_c2004
300 _a808
942 _2ddc
_cBK
999 _c9295
_d9295